000 00511nam a2200193Ia 4500
003 OSt
005 20250701125313.0
008 210210b1991 xxu||||| |||| 00| 0 eng d
040 _cAL
041 _aKannada
082 _aK894.2 DINM
100 _aDINAKARA (T)
_d ದಿನಕರ (ಟಿ)
_9216717
245 _aMatsyagandhi
_b ಮತ್ಸ್ಯಗಂಧಿ
260 _aAnkola
_bShriraghavendra Prakashana
_c1991
300 _a66
690 _aKannada Drama
_9216718
906 _a045325
942 _2ddc
_cBK
999 _c94800
_d94800